Score 0/16 Timer 03:00
2 Plays Today
Scrambled Name Character % Correct
USGB YNUNBBugs Bunny
99.7%
FAYDF CUDKDaffy Duck
97.8%
OPRYK GPIPorky Pig
94.1%
MELRE DUFDElmer Fudd
92.7%
EEPP EL WPEPepe Le Pew
91.7%
WETYET DRBITweety Bird
91.5%
DAOR NEURNRRoad Runner
88.8%
EWLI E YOCTEOWile E Coyote
87.6%
Scrambled Name Character % Correct
STMNAIANA VDEILTasmanian Devil
86.9%
YEDEPS ZOGALSNESpeedy Gonzales
78.3%
TMEYEOSI MSAYosemite Sam
76.1%
YGANRNGranny
73.4%
VSESTRYLESylvester
73%
HGOFONR GEHRNOLFoghorn Leghorn
63.8%
RVAMNI HET TANMRIAMarvin The Martian
62.4%
HWTIC EHLZAWitch Hazel
60.8%

You're not logged in!

Compare scores with friends on all Sporcle quizzes.
OR
Log In

Sporcle TV

Today on Sporcle TV


Watch our educational content, quiz creation guides, and fun videos on Sporcle TV.

Show Comments

Extras

Top Quizzes Today


Score Distribution

Your Account Isn't Verified!

In order to create a playlist on Sporcle, you need to verify the email address you used during registration. Go to your Sporcle Settings to finish the process.

Report this User

Report this user for behavior that violates our Community Guidelines.

Details: